[Event "Lidkoping op"]
[Site "Lidkoping"]
[Date "2017.09.02"]
[Round "2"]
[White "Dahlstrom, Rickard"]
[Black "Cramling, Pia"]
[Result "1/2-1/2"]
[WhiteElo "1982"]
[BlackElo "2453"]
[PlyCount "82"]
[EventDate "2017.09.02"]
[EventType "swiss"]
[EventRounds "7"]
[EventCountry "SWE"]
[SourceTitle "CBM 180 Extra"]
[Source "ChessBase"]
[SourceDate "2017.10.06"]
[SourceVersion "1"]
[SourceVersionDate "2017.10.06"]
[SourceQuality "1"]

1. c4 e6 2. Nc3 b6 3. d4 Bb7 4. e4 Bb4 5. Qc2 c5 6. Nge2 Qh4 7. d5 exd5 8. cxd5 f5 9. Bd2 Nf6 10. h3 Nxe4 11. Nxe4 Qxe4 12. Qxe4+ fxe4 13. Bxb4 cxb4 14. Rd1 Na6 15. Rd4 0-0 16. Ng3 Nc5 17. Bc4 Na4 18. Nxe4 Nxb2 19. Bb5 a5 20. Bxd7 Rfd8 21. Be6+ Kf8 22. 0-0 Na4 23. Rc1 Bc8 24. Ng5 Nc5 25. Rf4+ Ke7 26. Rf7+ Kd6 27. Rxg7 Bxe6 28. dxe6 Rg8 29. Rd1+ Kc6 30. Rxg8 Rxg8 31. Nf7 Re8 32. Re1 Nxe6 33. f4 Ng7 34. Rc1+ Kd5 35. g4 Re2 36. Rd1+ Ke4 37. f5 Kf4 38. Rf1+ Kg3 39. Ng5 Rg2+ 40. Kh1 Rh2+ 41. Kg1 Re2 1/2-1/2

[Event "SWE-chT 0708"]
[Site "Sweden"]
[Date "2007.10.19"]
[Round "1"]
[White "Bergstrom, Peter"]
[Black "Dahlstrom, Rickard"]
[Result "1-0"]
[WhiteElo "2349"]
[BlackElo "2067"]
[PlyCount "67"]
[EventDate "2007.10.19"]
[EventType "team"]
[EventRounds "11"]
[EventCountry "SWE"]
[SourceTitle "EXT 2009"]
[Source "ChessBase"]
[SourceDate "2008.11.26"]
[SourceVersion "1"]
[SourceVersionDate "2008.11.26"]
[SourceQuality "1"]
[WhiteTeam "Sollentuna"]
[BlackTeam "Skara"]
[WhiteTeamCountry "SWE"]
[BlackTeamCountry "SWE"]

1. e4 c5 2. Nf3 d6 3. d4 cxd4 4. Nxd4 Nf6 5. f3 g6 6. c4 Bg7 7. Nc3 Nc6 8. Nc2 Bd7 9. Be3 0-0 10. Qd2 Rc8 11. Be2 Ne5 12. b3 a5 13. 0-0 Bc6 14. Rfd1 Ned7 15. Rab1 Ra8 16. Nd4 Nc5 17. e5 Nfd7 18. exd6 exd6 19. Ndb5 Qe7 20. Bg5 Qe5 21. Bf4 Qf5 22. Bxd6 Rfd8 23. Nd5 Bxd5 24. Qxd5 Qc2 25. Qd2 Qxd2 26. Rxd2 Ne5 27. Rd5 Ncd7 28. Nc7 Rac8 29. Be7 Bf6 30. Bxd8 Bxd8 31. Nb5 Bf6 32. f4 Nb6 33. Rxe5 Bxe5 34. fxe5 1-0